MARC

Tag First Indicator Second Indicator Subfields
LEADER 00000cam a2200000Ii 4500
001 in00003399513
005 20151206085252.0
008 130302s2013 ne a b 101 0 eng d
010 |a  2013940537 
019 |a 828892153 
020 |a 9789400766662 (pb) 
020 |a 9400766661 (pb) 
020 |a 9789400766174 (hb) 
020 |a 9400766173 (hb) 
020 |z 9789400766181 (e-book) 
029 1 |a CHVBK  |b 220862346 
035 |a (OCoLC)ocn828892151 
035 |a (OCoLC)828892151 
040 |a BTCTA  |b eng  |e rda  |c BTCTA  |d YDXCP  |d IXA  |d UtOrBLW 
049 |a TXAM 
050 4 |a TA418.9.N35  |b N38 2012 
111 2 |a NATO Advanced Research Workshop on Recent Trends in Energy Security with Special Emphasis on Low-Dimensional Functional Materials  |d (2012 :  |c Tashkent, Uzbekistan) 
245 1 0 |a Low-dimensional functional materials /  |c edited by Reinhold Egger, Institut für Theoretische Physik, Heinrich-Heine-Universität, Düsseldorf, Germany, Davron Matrasulov, Department of Energy, Laboratory for Advanced Studies, Turin Polytechnic University in Tashkent, Tashkent, Uzbekistan, and Khamdam Rakhimov, Department of Physics, National University of Uzbekistan, Tashkent, Uzbekistan. 
264 1 |a Dordrecht :  |b Springer,  |c [2013] 
300 |a xiv, 270 pages :  |b illustrations ;  |c 24 cm. 
336 |a text  |b txt  |2 rdacontent 
337 |a unmediated  |b n  |2 rdamedia 
338 |a volume  |b nc  |2 rdacarrier 
490 1 |a NATO science for peace and security series. B, Physics and biophysics,  |x 1874-6500 
500 |a "Proceedings of the NATO Advanced Research Workshop on Recent Trends in Energy Security (with special emphasis on Low-Dimensional Functional Materials), Tashkent, Uzbekistan, 15-19 October 2012"--Title page verso. 
504 |a Includes bibliographical references and index. 
650 0 |a Nanostructured materials  |v Congresses. 
650 0 |a Graphene  |v Congresses. 
700 1 |a Egger, Reinhold,  |e editor. 
700 1 |a Matrasulov, Davron,  |e editor. 
700 1 |a Rakhimov, Khamdam,  |e editor. 
710 2 |a NATO Science for Peace and Security Programme. 
830 0 |a NATO Science for Peace and Security series.  |n B,  |p Physics and biophysics.  |x 1871-465X 
938 |a Baker and Taylor  |b BTCP  |n BK0012867427 
938 |a YBP Library Services  |b YANK  |n 10248345 
947 |a A14840651571 
945 |a PromptCat  |b 491135 
946 |a stk 
994 |a 92  |b TXA 
948 |a Cataloged  |b h  |c 2013/10/15  |d c  |e EGrant 
999 |a MARS 
999 f f |s db8e5b73-5af0-3b73-b9ca-a3be778e4b50  |i 8e195a6d-e753-349a-871d-78803b89ea92  |t 0 
952 f f |p ric  |a Texas A&M University  |b Rellis Campus  |c Joint Library Facility  |d Remote Storage  |t 0  |e TA418.9.N35 N38 2012  |h Library of Congress classification  |i unmediated -- volume  |m A14840651571 
998 f f |a TA418.9.N35 N38 2012  |t 0  |l Remote Storage